[Event "Charlesbourg Alekhine op"]
[Site "Charlesbourg"]
[Date "2004.??.??"]
[Round "?"]
[White "Fecteau, Martin"]
[Black "Girard, Bruno"]
[Result "0-1"]
[WhiteElo "1973"]
[BlackElo "1618"]
[PlyCount "46"]
[EventDate "2004.09.06"]
[EventType "swiss"]
[EventRounds "5"]
[EventCountry "CAN"]
[SourceTitle "EXT 2006"]
[Source "ChessBase"]
[SourceDate "2005.11.24"]
[SourceVersion "1"]
[SourceVersionDate "2005.11.24"]
[SourceQuality "1"]

1. e4 e6 2. d4 d5 3. Nc3 Nf6 4. e5 Nfd7 5. Nf3 c5 6. dxc5 Bxc5 7. Bd3 Nc6 8. Bf4 a6 9. 0-0 Qc7 10. Qd2 Ndxe5 11. Nxe5 Nxe5 12. Rfe1 Bd6 13. Nxd5 exd5 14. Bxe5 Bxe5 15. Rxe5+ Qxe5 16. Re1 Qxe1+ 17. Qxe1+ Be6 18. Bf5 Kd7 19. Qd2 Rhd8 20. Qxd5+ Ke8 21. Qf3 Bxf5 22. g4 Be6 23. Qxb7 Rd1+ 0-1